000 00558nam a22001937a 4500
005 20251108170027.0
008 250721s1982 xx 000 0 ara d
082 1 4 _aط/ق/عبد
100 1 _aقلعجي، عبد الفتاح رواس
245 1 0 _aالحمال الأعمى /
264 1 _aبيروت :
_bدار النفائس،
_c1982.
300 _a16ص
490 0 _aأحسن القصص ؛ 7
650 1 7 _aالأدب العربي
650 1 7 _aالقصص العربية
650 1 7 _aأدب الأطفال
942 _2ddc
_cBK
999 _c37774
_d37774